Who Was President? Quiz Stats

 Plays Quiz Updated Oct 1, 2018

Score 0/18 Timer 06:00
4 Plays Today
Event President % Correct
The day Princess Diana diedBill Clinton
92%
The Berlin Wall came downGeorge H. W. Bush
87.1%
Atomic bombs are dropped on Hiroshima and NagasakiHarry S Truman
85.9%
The Space Shuttle Challenger explodedRonald Reagan
84.8%
NASA first landed a man on the moonRichard Nixon
79.4%
The Vietnam War beganDwight D. Eisenhower
76.9%
The day that Elvis Presley diedJimmy Carter
76.3%
The Black Tuesday Stock Market crash occurredHerbert Hoover
73.6%
John Glenn first orbited the EarthJohn F. Kennedy
62%
Event President % Correct
The Second Battle of Bull Run occurredAbraham Lincoln
56.2%
The Cleveland Indians last won the World SeriesHarry Truman
54.7%
The Hindenburg disaster occurredFranklin D. Roosevelt
54.4%
The Titanic sankWilliam H. Taft
53%
The Battle of the Little Bighorn occurredUlysses S. Grant
49.8%
When Texas became the 28th state of the unionJames K. Polk
43.3%
The Battle of the AlamoAndrew Jackson
36.1%
Harvard Law School foundedJames Monroe
34.7%
Thomas Edison invented light bulbRutherford B. Hayes
23.7%

You're not logged in!

Compare scores with friends on all Sporcle quizzes.
OR
Log In

Sporcle TV

Today on Sporcle TV


Watch our educational content, quiz creation guides, and fun videos on Sporcle TV.

Show Comments

Extras

Top Quizzes Today


Score Distribution

Your Account Isn't Verified!

In order to create a playlist on Sporcle, you need to verify the email address you used during registration. Go to your Sporcle Settings to finish the process.

Report this User

Report this user for behavior that violates our Community Guidelines.

Details: